000
00220nam a2200085Ia 4500
008
120527s9999 xx 000 0 und d
100
_a
BORESZTEIN,Eduardo
245
_a
The behaviour of non-oil commodity prices
942
_c
BK
999
_c
25378
_d
25378